000 00354nam a2200145Ia 4500
005 20251222141936.0
008 251222s9999||||xx |||||||||||||| ||spa||
020 _a9786123170424
082 _a985.02/P34
100 _aPease G. Y., Franklin
245 0 _aDel Tahuantinsuyo a la Historia del PerĂº
250 _a4ta. ed.
264 _bPUCP
942 _cLIB
999 _c9182
_d9182